Normal view
MARC view
- Amo, Fuencisla del,
Entry Nombre Personal
001 - NUMERO DE CONTROL
- campo de control: 43828
003 - IDENTIFICADOR DE NUMERO DE CONTROL
- campo de control: UPN
005 - FECHA Y HORA DE LA ÜLTIMA TRANSACCIÓN
- campo de control: 20220810210523.0
008 - DATOS DE LONGITUD FIJA
- campo de control de longitud fija: 220221nn acannaabn n aaa d
040 ## - FUENTE DE CATALOGACIÓN
- Agencia original de catalogación: UPN
- Lenguaje de catalogación: spa
- Agencia de transcripción: UPN
100 1# - ENCABEZAMIENTO - NOMBRE PERSONAL
- Nombre personal: Amo, Fuencisla del,
- Fechas asociadas con el nombre: 1950-
670 ## - FUENTE EN LA QUE SE LOCALIZARON DATOS
- Cita de la fuente: LC
680 ## - NOTA PUBLICA DE ACCESO PÚBLICO
- Frase explicativa de la referencia: Ilustradora española
902 ## - CATALOGADOR
- Catalogador: CAA/100822
